| 000 | 00928nam a22002297a 4500 | ||
|---|---|---|---|
| 999 |
_c8387 _d8387 |
||
| 003 | GBCCL | ||
| 005 | 20241126110649.0 | ||
| 008 | 210202b ||||| |||| 00| 0 eng d | ||
| 020 | _a0801031974 | ||
| 020 | _a9781844742257 | ||
| 040 | _cgbc | ||
| 082 |
_a933 _bMAT |
||
| 100 |
_aMatthews, Victor H _914672 |
||
| 245 |
_aStudying the Ancient Israelites : _ba Guide to Sources and Methods. |
||
| 260 |
_aGrand Rapids : _bBaker Academic, _c2007 |
||
| 300 | _a1 online resource (233 pages) | ||
| 505 | _a""Contents""; ""Introduction""; ""1 Historical Geography""; ""2 Archaeology""; ""3 Literary Approaches""; ""4 Social Sciences""; ""5 History and Historiography""; ""References""; ""Subject Index""; ""Ancient Writings Index"" | ||
| 650 |
_aBible. -- Old Testament -- Antiquities. _914673 |
||
| 650 |
_aJews -- Civilization -- To 70 A.D. _914674 |
||
| 650 |
_aJews -- History -- To 70 A.D. _914675 |
||
| 942 |
_2ddc _cBK _02 |
||